Использование мировых генетических ресурсов ВИР в создании сортов картофеля нового поколения (Запись № 1434652)

Подробности
000 -МАРКЕР
контрольное поле 02753nam0a2200409 4500
001 - ИДЕНТИФИКАТОР ЗАПИСИ
контрольное поле RU\NLR\bibl\1444477
005 - ИДЕНТИФИКАТОР ВЕРСИИ
контрольное поле 20260407212016.0
021 ## - НОМЕР ГОСУДАРСТВЕННОЙ РЕГИСТРАЦИИ
Код страны Российская Федерация
Номер 2009-79724
Номер Листа государственной регистраци 4997
035 ## - ДРУГИЕ СИСТЕМНЫЕ НОМЕРА
Идентификатор записи (nilc)RSL-KNO-004391109
035 ## - ДРУГИЕ СИСТЕМНЫЕ НОМЕРА
Идентификатор записи (NLR Aleph) 001436320
100 ## - ДАННЫЕ ОБЩЕЙ ОБРАБОТКИ
Данные общей обработки 20090930d2009 |||y0rusy50 ca
101 0# - ЯЗЫК РЕСУРСА
Язык текста, звукозаписи и т.д. русский
102 ## - СТРАНА ПУБЛИКАЦИИ ИЛИ ПРОИЗВОДСТВА
Страна публикации Российская Федерация
105 ## - ПОЛЕ КОДИРОВАННЫХ ДАННЫХ: ТЕКСТОВЫЕ МАТЕРИАЛЫ, МОНОГРАФИЧЕСКИЕ
Кодированные данные о монографическом текстовом документе a |||||||||
200 1# - ЗАГЛАВИЕ И СВЕДЕНИЯ ОБ ОТВЕТСТВЕННОСТИ
Основное заглавие Использование мировых генетических ресурсов ВИР в создании сортов картофеля нового поколения
Сведения, относящиеся к заглавию материалы Всероссийской научно-координационной конференции, посвященной 100-летию со дня рождения академика Константина Захаровича Будина, Санкт-Петербург, 28-29 июля 2009 года
Первые сведения об ответственности [сост. - д.б.н. С.Д. Киру
Последующие сведения об ответственности под ред. д.б.н., проф. Н.И. Дзюбенко]
210 ## - ПУБЛИКАЦИЯ, РАСПРОСТРАНЕНИЕ И ДР.
Место издания, распространения и т.д. Санкт-Петербург
Имя издателя, распространителя и т. д. ГНУ ГНЦ РФ ВИР
Дата издания, распространения и т.д. 2009
Место изготовления Б. м.
Имя изготовителя ИПК "КОСТА"
215 ## - ФИЗИЧЕСКАЯ ХАРАКТЕРИСТИКА
Специфическое обозначение материала и объем 274, [1] с.
Другие сведения о физической характеристике ил., табл.
Размеры 20
300 ## - ОБЩИЕ ПРИМЕЧАНИЯ
Текст примечания В надзаг.: Рос. акад. с.-х. наук, Вавилов. о-во генетиков и селекционеров, Сев.-Зап. регион. науч. центр Россельхозакадемии, ГНУ ГНЦ РФ "Всерос, НИИ растениеводства им. Н.И. Вавилова" РАСХН
320 ## - ПРИМЕЧАНИЯ О НАЛИЧИИ В ДОКУМЕНТЕ БИБЛИОГРАФИИ / УКАЗАТЕЛЯ
Текст примечания Библиогр. в конце докл.
600 #1 - ИМЯ ЛИЦА КАК ПРЕДМЕТ
Начальный элемент ввода Будин
Часть имени, кроме начального элемента ввода К.З.
Даты 1909 - 1999
Расширение инициалов личного имени Константин Захарович
Системный номер авторитетной/нормативной записи 1195957
Идентификатор авторитетной/нормативной записи RU\NLR\auth\66165459
606 1# - НАИМЕНОВАНИЕ ТЕМЫ КАК ПРЕДМЕТ
Наименование темы Картофель
Формальный подзаголовок Съезды, совещания и т.п.
Тематический подзаголовок Генетические ресурсы
-- Использование в селекции
Системный номер авторитетной/нормативной записи 2607879
Идентификатор авторитетной/нормативной записи RU\NLR\auth\661544437
686 ## - ИНДЕКСЫ ДРУГИХ КЛАССИФИКАЦИЙ
Индекс П215.1-31я431(2)
Код системы
686 ## - ИНДЕКСЫ ДРУГИХ КЛАССИФИКАЦИЙ
Индекс П13д(2)Будин
686 ## - ИНДЕКСЫ ДРУГИХ КЛАССИФИКАЦИЙ
Индекс П215.1-31я431
702 #1 - ИМЯ ЛИЦА - ВТОРИЧНАЯ ОТВЕТСТВЕННОСТЬ
Начальный элемент ввода Киру
Часть имени, кроме начального элемента ввода С. Д.
Расширение инициалов личного имени Степан Димитрович
Код отношения Составитель
702 #1 - ИМЯ ЛИЦА - ВТОРИЧНАЯ ОТВЕТСТВЕННОСТЬ
Начальный элемент ввода Дзюбенко
Часть имени, кроме начального элемента ввода Н. И.
Расширение инициалов личного имени Николай Иванович
Код отношения Редактор
702 #1 - ИМЯ ЛИЦА - ВТОРИЧНАЯ ОТВЕТСТВЕННОСТЬ
Код отношения Прочие
Графика поля Кириллица
Материалы, к которым относится поле rus
Начальный элемент ввода Будин
Часть имени, кроме начального элемента ввода К. З.
Даты 1909-1999
Расширение инициалов личного имени Константин Захарович
Системный номер авторитетной/нормативной записи 246051
Идентификатор авторитетной/нормативной записи RU\NLR\AUTH\770246107
711 12 - НАИМЕНОВАНИЕ ОРГАНИЗАЦИИ - АЛЬТЕРНАТИВНАЯ ОТВЕТСТВЕННОСТЬ
Начальный элемент ввода Всероссийская научно-координационная конференция по селекции картофеля
Дата проведения временной организации 2009
Место проведения временной организации Санкт-Петербург
Идентификатор авторитетной/нормативной записи RU\NLR\AUTH\8810141169
Системный номер авторитетной/нормативной записи 777194
801 #0 - ИСТОЧНИК ЗАПИСИ
Страна Российская Федерация
Организация РГБ
Дата составления 20090930
Правила каталогизации rcr
801 #1 - ИСТОЧНИК ЗАПИСИ
Страна Российская Федерация
Организация РГБ
Дата составления 20090930
801 #2 - ИСТОЧНИК ЗАПИСИ
Страна Российская Федерация
Организация NLR
Дата составления 20091127
Правила каталогизации rcr
830 ## - ОБЩЕЕ ПРИМЕЧАНИЕ, СОСТАВЛЕННОЕ КАТАЛОГИЗАТОРОМ
Текст примечания ред. и даты жизни Будина по ЭК
942 ## - ДОПОЛНИТЕЛЬНЫЕ ЭЛЕМЕНТЫ ЗАПИСИ (АБИС)
Тип экземпляра АБИС Книга
980 ## - КОЛЛЕКЦИЯ
Название коллекции Национальная библиография
Экземпляры
Тип экземпляра Дата поступления Источник поступления Библиотека постоянного хранения Библиотека текущего хранения Место хранения Шифр хранения Штрих-код Статус экземпляра
Книга 27.11.2009 Обязательный экземпляр РНБ (Московский) РНБ (Московский) Русский книжный фонд: издания с 1957 года 2009-3/38419 3050575